Which City is Older? #1 - Statistics

General Stats
  • This quiz has been taken 113 times
  • The average score is 11 of 15
Answer Stats
Question Answer % Correct
Turkey İzmir
100%
Kenya Mombasa
100%
United States New York City
100%
Russia Nizhny Novgorod
100%
Uzbekistan Samarkand
100%
Italy Florence
80%
United Kingdom Glasgow
80%
Canada Toronto
80%
Mexico Mexico City
60%
Brazil São Paulo
60%
Australia Sydney
60%
Morocco Tangier
60%
China Beijing
40%
Argentina Buenos Aires
40%
Myanmar Yangon
40%
No matching quizzes found
Score Distribution
Percent of People with Each Score
Percentile by Number Answered
Your Score History
You have not taken this quiz